000 00869cab a2200193 4500
001 L130364
008 050721n2005 000 0 eng u
035 _a(Sirsi) u130364
041 _aeng
100 _aTinworth, Adam
245 _aGreen is in: official
260 _c2005
490 _aEstates Gazette
_v(0528) 16 July 2005, 50-57(7)
520 _aDiscusses whether the property industry is prepared for the Building Regulations Part L which, from 4 January 2006, requires all buildings to have an energy performance certificate that is no more than ten years old, whenever they are bought, sold or rented. First of three articles on sustainabilty (see also L130478 and L130479).
590 _aIKA020805
650 _aBUILDING REGULATIONS 2000 APPROVED DOCUMENT L1 (2002 EDITION)
690 _aENVIRONMENTAL AND LAND CONSULTANCY-SUSTAINABILITY
942 _n0
999 _c75578
_d75578